PÉK 2014 XII. Pedagógiai Értékelési Konferencia : 2014. május 1-3. : program, előadás-összefoglalók = CEA 2014 : 12th Conference on Educational Assessment : program, abstracts

Elmentve itt :
Bibliográfiai részletek
Testületi szerző: Pedagógiai Értékelési Konferencia
További közreműködők: Korom Erzsébet
Pásztor Attila
Dokumentumtípus: Könyv része
Megjelent: 2014
Sorozat:Pedagógiai Értékelési Konferencia 12
Kulcsszavak:Iskolai értékelés - előadáskivonatok, Neveléselmélet - előadáskivonatok, Pedagógiai értékelés - előadáskivonatok
Tárgyszavak:
Online Access:http://acta.bibl.u-szeged.hu/59497
LEADER 01055naa a2200241 i 4500
001 acta59497
005 20230303141245.0
008 190613s2014 hu o 1|| hun d
020 |a 978‐963‐306‐279‐1 
040 |a SZTE Egyetemi Kiadványok Repozitórium  |b hun 
041 |a hun 
041 |a eng 
245 0 0 |a PÉK 2014   |h [elektronikus dokumentum] :  |b XII. Pedagógiai Értékelési Konferencia : 2014. május 1-3. : program, előadás-összefoglalók = CEA 2014 : 12th Conference on Educational Assessment : program, abstracts 
260 |c 2014 
300 |a 186 
490 0 |a Pedagógiai Értékelési Konferencia  |v 12 
650 4 |a Társadalomtudományok 
650 4 |a Oktatástudomány 
695 |a Iskolai értékelés - előadáskivonatok, Neveléselmélet - előadáskivonatok, Pedagógiai értékelés - előadáskivonatok 
700 0 1 |a Korom Erzsébet 
700 0 1 |a Pásztor Attila 
711 |a Pedagógiai Értékelési Konferencia  |c Szeged  |d 2014. május 1-3. 
856 4 0 |u http://acta.bibl.u-szeged.hu/59497/1/pek_2014.pdf  |z Dokumentum-elérés